1M Cities in the United States with a Map - Statistics

General Stats
  • This quiz has been taken 336 times
    332 since last reset
  • The average score is 43 of 55
Answers on the Map
Answers color-coded by a green-red scale on the quiz's map according to % correct below.
 
Answer Stats
Mil City % Correct
17.7 Los Angeles
98%
7.70 San Francisco
98%
6.20 Miami
97%
9.80 Chicago
96%
22.2 New York
96%
6.75 Dallas
95%
6.35 Houston
95%
8.40 Washington
95%
4.18 Seattle
94%
5.60 Atlanta
92%
2.15 Las Vegas
92%
1.79 Austin
91%
7.55 Boston
91%
3.60 Denver
91%
4.40 Phoenix
91%
3.30 San Diego
91%
5.70 Detroit
89%
2.03 Sacramento
89%
7.35 Philadelphia
87%
2.33 Portland
87%
1.01 New Orleans
86%
4.15 Tampa
86%
1.01 Honolulu
85%
1.94 Kansas City
85%
3.08 Minneapolis
85%
1.11 Oklahoma City
85%
2.33 Salt Lake City
85%
1.94 Indianapolis
84%
1.36 Jacksonville
83%
3.18 Orlando
83%
2.08 San Antonio
81%
1.02 El Paso
79%
1.39 Nashville
79%
3.08 Cleveland
77%
1.68 Columbus
76%
1.55 Milwaukee
76%
2.08 Pittsburgh
76%
1.15 Memphis
75%
2.38 Saint Louis
75%
2.33 Charlotte
74%
2.75 Cincinnati
74%
1.35 Buffalo
70%
1.04 Richmond
69%
1.54 Raleigh
67%
1.00 Tucson
67%
1.04 Louisville
62%
1.00 Fresno
60%
1.61 Virginia Beach
58%
1.69 Hartford
56%
1.32 Harrisburg
51%
1.10 Greensboro
44%
1.21 Stockton
40%
1.27 McAllen
38%
1.01 Cape Coral
29%
1.13 Melbourne
27%
No matching quizzes found
Score Distribution
Percent of People with Each Score
Percentile by Number Answered
Your Score History
You have not taken this quiz since the last reset